Normal view MARC view
  • Sung- Mo Kang

Entry Personal Name

Number of records used in: 1

001 - CONTROL NUMBER

  • control field: 106198

003 - CONTROL NUMBER IDENTIFIER

  • control field: NUST

005 - DATE AND TIME OF LATEST TRANSACTION

  • control field: 20221228123930.0

008 - FIXED-LENGTH DATA ELEMENTS

  • fixed length control field: 221228|| aca||aabn | a|a d

040 ## - CATALOGING SOURCE

  • Original cataloging agency: NUST
  • Transcribing agency: NUST

100 ## - HEADING--PERSONAL NAME

  • Personal name: Sung- Mo Kang

670 ## - SOURCE DATA FOUND

  • Source citation: Work cat.: (NUST)193615: Sung- Mo Kang, CMOS Digital integrated Circuits analysis and Design /, 1996
© 2023 Central Library, National University of Sciences and Technology. All Rights Reserved.